Central Library OPAC University of Rajshahi

Persia and the Victorians / (Record no. 26542)

MARC details
000 -LEADER
fixed length control field 00894cam a22002891 4500
001 - CONTROL NUMBER
control field 26542
003 - CONTROL NUMBER IDENTIFIER
rucl marc code BD-RjUL
005 - DATE AND TIME OF LATEST TRANSACTION
control field 20211209051030.0
008 - FIXED-LENGTH DATA ELEMENTS--GENERAL INFORMATION
fixed length control field 140322s1951 xxu||||| |||| 00| 0 eng d
035 ## - SYSTEM CONTROL NUMBER
System control number (BD-RjUL)26612
System control number (OCoLC)2601801
040 ## - CATALOGING SOURCE
Original cataloging agency DLC
Transcribing agency TxWB
Modifying agency Uk
-- DLC
-- BD-RjUL
Language of cataloging eng
041 ## - LANGUAGE CODE
Language code of text/sound track or separate title eng
082 ## - DEWEY DECIMAL CLASSIFICATION NUMBER
Classification number 955.420955
Author mark and year GAP 1951
100 1# - MAIN ENTRY--PERSONAL NAME
Personal name Gail, Marzieh.
9 (RLIN) 81639
245 10 - TITLE STATEMENT
Title Persia and the Victorians /
Statement of responsibility, etc. Marzieh Gail
260 ## - PUBLICATION, DISTRIBUTION, ETC. (IMPRINT)
Place of publication, distribution, etc. London :
Name of publisher, distributor, etc. Allen and Unwin,
Date of publication, distribution, etc. 1951.
300 ## - PHYSICAL DESCRIPTION
Pagination 176 p. ;
Size 23 cm.
504 ## - BIBLIOGRAPHY, ETC. NOTE
Bibliography, etc Bibliography: p. 171-176.
650 #0 - SUBJECT ADDED ENTRY--TOPICAL TERM
Topical term or geographic name as entry element Comparative literature
General subdivision English and Persian.
9 (RLIN) 81640
Topical term or geographic name as entry element Comparative literature
General subdivision Persian and English.
9 (RLIN) 81641
651 #0 - SUBJECT ADDED ENTRY--GEOGRAPHIC NAME
Geographic name Great Britain
General subdivision Relations
Geographic subdivision Iran.
9 (RLIN) 81642
Geographic name Iran
General subdivision Relations
Geographic subdivision Great Britain.
9 (RLIN) 81643
942 ## - ADDED ENTRY ELEMENTS (KOHA)
Source of classification or shelving scheme Dewey Decimal Classification
Koha item type Books
Holdings
Lost status Source of classification or shelving scheme Damaged status Not for loan Collection code Permanent Location Current Location Shelving location Date acquired Source of acquisition Cost, normal purchase price Total Checkouts Full call number Date last seen Copy number Koha item type
  Dewey Decimal Classification   Added to bundle Non-fiction Central Library, University of Rajshahi Central Library, University of Rajshahi Reading Room 06/10/1966 A.I. Quriesh 10.72   955.420955 GAP 1951 22/03/2014 C-1 Books